XXIII Festival Internacional, XXIX Semanas de Cámara, III Festival Joven, III Conciertos entre Dos Luces]. (Registro nro. 43464)
[ vista simple ]
| 000 -CABECERA | |
|---|---|
| campo de control de longitud fija | 00673nam a2200157 a 4500 |
| 001 - NÚMERO DE CONTROL | |
| campo de control | 000043975 |
| 005 - FECHA Y HORA DE LA ÚLTIMA TRANSACCIÓN | |
| campo de control | 20201002045056.0 |
| 008 - DATOS DE LONGITUD FIJA--INFORMACIÓN GENERAL | |
| campo de control de longitud fija | 140512s1998 sp ac 000 0 spa d |
| 040 ## - FUENTE DE LA CATALOGACIÓN | |
| Centro catalogador/agencia de origen | DO-SdBNP |
| Lengua de catalogación | spa |
| Centro/agencia transcriptor | BNPHU |
| 111 2# - ENTRADA PRINCIPAL--NOMBRE DE CONGRESO/REUNIÓN | |
| Nombre de congreso/reunión o jurisdicción como elemento de entrada | Verano musical |
| Fecha del congreso/reunión | (1998 |
| Sede del congreso/Lugar de la reunión | Segovia) |
| 9 (RLIN) | 71925 |
| 245 10 - MENCIÓN DE TÍTULO | |
| Título | XXIII Festival Internacional, XXIX Semanas de Cámara, III Festival Joven, III Conciertos entre Dos Luces]. |
| 260 ## - PUBLICACIÓN, DISTRIBUCIÓN, ETC. | |
| Lugar de publicación, distribución, etc. | Segovia : |
| Nombre del editor, distribuidor, etc. | Fundación Don Juan de Borbón, |
| Fecha de publicación, distribución, etc. | 1998. |
| 300 ## - DESCRIPCIÓN FÍSICA | |
| Extensión | 395 p. : |
| Otras características físicas | il., retrs. ; |
| Dimensiones | 24 cm. |
| 505 0# - NOTA DE CONTENIDO CON FORMATO | |
| Nota de contenido con formato | XXIII |
| Título | Festival Internacional, |
| Información miscelánea | XXIX |
| Título | Semanas de Cámara, |
| Información miscelánea | III |
| Título | Festival Joven, |
| Información miscelánea | III |
| Título | Conciertos entre Dos Luces |
| 710 2# - PUNTO DE ACCESO ADICIONAL--NOMBRE DE ENTIDAD CORPORATIVA | |
| Nombre de entidad corporativa o nombre de jurisdicción como elemento de entrada | Fundación Don Juan de Borbón, |
| 9 (RLIN) | 71926 |
| Estado de retiro | Estado de pérdida | Restricciones de uso | No para préstamo | Código de colección | Localización permanente | Ubicación/localización actual | Ubicación en estantería | Fecha de adquisición | Número de inventario | Total de préstamos | Signatura topográfica completa | Código de barras | Fecha visto por última vez | Precio válido a partir de | Tipo de ítem Koha |
|---|---|---|---|---|---|---|---|---|---|---|---|---|---|---|---|
| Monografías: Libros y Folletos | General | General | Orden iniciada | 12.05.2014 | LF1 | 43975-10 | 25.06.2020 | 25.06.2020 | No se presta |
